000 00325nam a22001457a 4500
003 OSt
008 251104b |||||||| |||| 00| 0 eng d
020 _a9780857505347
082 _a813.52 YAW
100 _aYAMBAO,Samantha Sotto
245 _aWater Moon
260 _aUK
_bPenguin
_c2025
300 _a374
942 _2ddc
_cREF
999 _c13758
_d13758